| 000 | 00583nam a2200181 i 4500 | ||
|---|---|---|---|
| 001 | 159345 | ||
| 003 | ES-MaACL | ||
| 005 | 20250701061143.0 | ||
| 008 | 180313s1882 fr |||| | fre d | ||
| 245 | 0 | 0 | _aInstruction sur la vaccine. |
| 260 |
_aHavre : _b[s.n.], _c1882 _f(Imp. Maudet Godefroy) |
||
| 300 |
_a[4] p. ; _c15 cm. |
||
| 594 | _aPrecede al tit.: Ville du Havre, Bureau Municipal d'Hygiène. | ||
| 650 | 0 | 7 |
_aVacunación _9136969 |
| 852 |
_aES-MaACL _cDEPOF _hDonativo de Vicente Cabello _jT-946-F-2 |
||
| 942 |
_2udc _cFOLLETOS _n0 |
||
| 999 |
_c159345 _d159345 |
||